[Event "Women's Speed Chess Q8"]
[Site "chess.com INT"]
[Date "2021.06.06"]
[Round "6"]
[White "Jakubowska, Anna"]
[Black "Klinova, Masha"]
[Result "0-1"]
[WhiteTitle "WIM"]
[BlackTitle "IM"]
[WhiteElo "2073"]
[BlackElo "2275"]
[WhiteFideId "1121952"]
[BlackFideId "2802015"]
[EventDate "2021.06.06"]

1. e4 d6 2. d4 Nf6 3. Nc3 g6 4. g3 Bg7 5. Bg2 O-O 6. Nge2 Nc6 7. O-O e5 8. d5
Ne7 9. h3 c6 10. dxc6 bxc6 11. Bg5 h6 12. Bxf6 Bxf6 13. Qd2 Bg7 14. Rad1 d5 15.
exd5 cxd5 16. Nxd5 Nxd5 17. Bxd5 Bxh3 18. Bxa8 Qxa8 19. Qd5 Bxf1 20. Qxa8 Rxa8
21. Kxf1 e4 22. b3 a5 23. c4 f5 24. Nf4 g5 25. Ne6 Bc3 26. Rc1 Bb4 27. Nd4 f4
28. gxf4 gxf4 29. Ke2 Rd8 30. Rd1 Bc5 31. Rg1+ Kf7 32. Nf5 Bf8 33. c5 Kf6 34.
Nh4 Bxc5 35. Rg6+ Ke5 36. Rxh6 f3+ 37. Ke1 Bb4+ 0-1

[Event "Women's Speed Chess Q8"]
[Site "chess.com INT"]
[Date "2021.06.06"]
[Round "6"]
[White "Kulon, Klaudia"]
[Black "Padmini, Rout"]
[Result "1-0"]
[WhiteTitle "IM"]
[BlackTitle "IM"]
[WhiteElo "2363"]
[BlackElo "2370"]
[WhiteFideId "1131044"]
[BlackFideId "5029295"]
[EventDate "2021.06.06"]

1. c4 c5 2. g3 g6 3. Bg2 Bg7 4. Nc3 Nc6 5. e3 e5 6. Nge2 Nge7 7. O-O O-O 8. h3
d6 9. d3 Be6 10. Nd5 Rb8 11. Nec3 a6 12. a4 Bxd5 13. cxd5 Nb4 14. e4 f5 15. b3
f4 16. h4 h5 17. Bh3 Bh6 18. Be6+ Kh7 19. Rb1 Ng8 20. Rb2 Nf6 21. gxf4 exf4 22.
f3 Nd7 23. Rh2 Ne5 24. d4 cxd4 25. Qxd4 a5 26. Nb5 Bg7 27. Qd1 Qb6+ 28. Kh1 1-0

[Event "Women's Speed Chess Q8"]
[Site "chess.com INT"]
[Date "2021.06.06"]
[Round "6"]
[White "Linares Napoles, Oleiny"]
[Black "Grigoryan, Meri"]
[Result "1-0"]
[WhiteTitle "WGM"]
[BlackTitle "WFM"]
[WhiteElo "2255"]
[BlackElo "2044"]
[WhiteFideId "3504794"]
[BlackFideId "13300571"]
[EventDate "2021.06.06"]

1. d4 d5 2. Bf4 Nf6 3. e3 e6 4. Nd2 Bd6 5. c3 O-O 6. Bd3 c5 7. Ngf3 c4 8. Bc2
Qc7 9. Bxd6 Qxd6 10. Ne5 Nc6 11. f4 a6 12. O-O b5 13. a3 a5 14. Qf3 Bb7 15. g4
Nd7 16. g5 f6 17. Qh3 f5 18. Qh4 Ndxe5 19. fxe5 Qe7 20. Rf3 g6 21. Nf1 b4 22.
Qf4 bxc3 23. bxc3 a4 24. h4 Kg7 25. h5 Rh8 26. Rh3 h6 27. Rg3 hxg5 28. Rxg5 Rxh5
29. Rxh5 gxh5 30. Ng3 Rg8 31. Kf2 h4 32. Nh5+ Kf8 33. Qh6+ Kf7 34. Rb1 Bc8 35.
Nf6 Rg7 36. Qh5+ Rg6 37. Rg1 1-0

[Event "Women's Speed Chess Q8"]
[Site "chess.com INT"]
[Date "2021.06.06"]
[Round "6"]
[White "Corrales Jimenez, Zenia"]
[Black "Sviridova, Vlada"]
[Result "0-1"]
[WhiteTitle "WIM"]
[BlackTitle "WFM"]
[WhiteElo "2189"]
[BlackElo "2144"]
[WhiteFideId "3506355"]
[BlackFideId "24109606"]
[EventDate "2021.06.06"]

1. e4 e6 2. d4 d5 3. Bd3 dxe4 4. Bxe4 Nf6 5. Bf3 c5 6. Ne2 Be7 7. O-O O-O 8.
dxc5 Bxc5 9. Qxd8 Rxd8 10. Nbc3 Nc6 11. Bg5 Ne5 12. Be4 Bd7 13. Bxf6 gxf6 14.
Bxb7 Rab8 15. Ne4 Be7 16. Ba6 Rxb2 17. Nd4 f5 18. Nd2 Ba4 19. N2b3 Bxb3 20. Nxb3
Rxc2 21. a4 Rc3 22. Na5 Rd2 23. h3 Bc5 24. Nb7 Bd4 25. Rab1 Rcc2 26. Kh2 Bxf2
27. Rbd1 f4 28. Rxd2 Rxd2 29. Nd6 Bg3+ 30. Kh1 Rxd6 0-1

[Event "Women's Speed Chess Q8"]
[Site "chess.com INT"]
[Date "2021.06.06"]
[Round "6"]
[White "Bivol, Alina"]
[Black "Kashlinskaya, Alina"]
[Result "1-0"]
[WhiteTitle "WGM"]
[BlackTitle "IM"]
[WhiteElo "2374"]
[BlackElo "2494"]
[WhiteFideId "4100123"]
[BlackFideId "4198026"]
[EventDate "2021.06.06"]

1. e4 e6 2. d4 d5 3. Bd3 dxe4 4. Bxe4 Nf6 5. Bf3 Nbd7 6. Nc3 Bd6 7. Nge2 O-O 8.
O-O e5 9. Be3 Re8 10. dxe5 Nxe5 11. Ng3 Nxf3+ 12. Qxf3 Bg4 13. Qxb7 Rb8 14. Qxa7
Rxb2 15. a4 Be5 16. Nb5 Rxc2 17. Bd4 Bf4 18. Rae1 Rxe1 19. Rxe1 h5 20. Bxf6 Qxf6
21. Qa8+ Kh7 22. Qe4+ Qg6 23. Qxf4 h4 24. Ne4 f6 25. h3 Bd7 26. Qxh4+ Kg8 27.
Ng3 Bc6 28. Qg4 Qxg4 29. hxg4 Rc4 30. Nf5 Kf8 31. Nxc7 Rxg4 32. Ne6+ Ke8 33.
Ned4+ Kd7 34. Re7+ Kd8 35. Nxc6+ 1-0

[Event "Women's Speed Chess Q8"]
[Site "chess.com INT"]
[Date "2021.06.06"]
[Round "6"]
[White "Paehtz, Elisabeth"]
[Black "Zaksaite, Salomeja"]
[Result "1-0"]
[WhiteTitle "IM"]
[BlackTitle "WIM"]
[WhiteElo "2456"]
[BlackElo "2202"]
[WhiteFideId "4641833"]
[BlackFideId "12801496"]
[EventDate "2021.06.06"]

1. d4 Nf6 2. Nf3 g6 3. Bg5 Bg7 4. c3 d5 5. Nbd2 O-O 6. e3 Nbd7 7. Be2 b6 8. O-O
Bb7 9. a4 a6 10. Bh4 h6 11. b4 c5 12. b5 a5 13. Qb3 Qc7 14. Bg3 Qc8 15. Ne5 e6
16. f4 Ne4 17. Nxe4 dxe4 18. Rad1 cxd4 19. cxd4 Bd5 20. Qb2 Qb7 21. Rc1 Kh7 22.
h4 f6 23. Nc6 Rac8 24. h5 Bxc6 25. hxg6+ Kxg6 26. bxc6 Rxc6 27. Bb5 Rxc1 28.
Rxc1 Rc8 29. Rc2 f5 30. Rxc8 Qxc8 31. Bxd7 Qxd7 32. Qxb6 Qxa4 33. Qxe6+ Bf6 34.
Bh4 Qd1+ 35. Kh2 Kh5 36. Qxf5+ Kxh4 37. Qh3# 1-0

[Event "Women's Speed Chess Q8"]
[Site "chess.com INT"]
[Date "2021.06.06"]
[Round "6"]
[White "Gevorgyan, Maria"]
[Black "Buksa, Nataliya"]
[Result "1/2-1/2"]
[WhiteTitle "WGM"]
[BlackTitle "IM"]
[WhiteElo "2219"]
[BlackElo "2413"]
[WhiteFideId "13300270"]
[BlackFideId "14123622"]
[EventDate "2021.06.06"]

1. e4 c5 2. Nc3 Nc6 3. Bb5 Nd4 4. Bc4 e6 5. Nge2 a6 6. Nxd4 cxd4 7. Ne2 d5 8.
exd5 exd5 9. Bb3 Bc5 10. d3 Ne7 11. O-O O-O 12. Ng3 Be6 13. f4 f5 14. Qf3 Rf6
15. Bd2 Qd6 16. Rae1 Rd8 17. Re2 Bf7 18. Rfe1 Nc6 19. Re5 g6 20. h4 h5 21. a3
Kg7 22. Nf1 Qd7 23. R5e2 Re6 24. Rxe6 Bxe6 25. Nh2 Bf7 26. Qg3 Re8 27. Nf3 Rxe1+
28. Qxe1 Qe7 29. Ng5 Qxe1+ 30. Bxe1 Bg8 31. Bf2 Bd6 32. g3 Be7 33. Nf3 Bf6 34.
Ba4 b5 35. Bb3 Kf8 36. Kf1 Ke7 37. Ke2 Kd6 38. Be1 Kc5 39. Bf2 Kd6 40. Be1 a5
41. Bf2 Be6 42. Be1 Bg8 43. Bf2 Be6 1/2-1/2

[Event "Women's Speed Chess Q8"]
[Site "chess.com INT"]
[Date "2021.06.06"]
[Round "6"]
[White "Yu, Jennifer"]
[Black "Antolak, Julia"]
[Result "1-0"]
[WhiteTitle "FM"]
[BlackTitle "WIM"]
[WhiteElo "2316"]
[BlackElo "2309"]
[WhiteFideId "2078341"]
[BlackFideId "1159569"]
[EventDate "2021.06.06"]

1. c4 e5 2. Nc3 Nf6 3. Nf3 Nc6 4. g3 d5 5. cxd5 Nxd5 6. Bg2 Nb6 7. O-O Be7 8. a3
O-O 9. b4 Re8 10. Bb2 Bf8 11. d3 Bg4 12. h3 Bh5 13. Ne4 h6 14. Rc1 Nd5 15. Nc5
Rb8 16. Nxb7 Rxb7 17. Rxc6 Bd6 18. Nd2 Bf8 19. g4 Bg6 20. Qb3 Nf4 21. Rxg6 Nxg2
22. Kxg2 Bd6 23. Ne4 Kf8 24. Qd5 Rb6 25. f4 exf4 26. Bxg7+ Kg8 27. Bf6+ Kh7 28.
Rg7+ Kh8 29. Rxf7+ Qxf6 30. Rxf6 1-0

[Event "Women's Speed Chess Q8"]
[Site "chess.com INT"]
[Date "2021.06.06"]
[Round "6"]
[White "Petrova, Irina"]
[Black "Socko, Monika"]
[Result "1-0"]
[WhiteTitle "WIM"]
[BlackTitle "GM"]
[WhiteElo "2110"]
[BlackElo "2393"]
[WhiteFideId "14124122"]
[BlackFideId "1106619"]
[EventDate "2021.06.06"]

1. e4 g6 2. d4 d6 3. Nc3 c6 4. a4 Bg7 5. Be3 Nf6 6. h3 O-O 7. Nf3 Nbd7 8. Be2 b6
9. O-O Bb7 10. Qd2 e5 11. Rad1 Qe7 12. d5 Nc5 13. Bxc5 bxc5 14. dxc6 Bxc6 15.
Qxd6 Qb7 16. Nxe5 Bxe4 17. Nxe4 Nxe4 18. Qd5 Qxb2 19. Qxe4 Qxe5 20. Qxe5 Bxe5
21. Bc4 Rad8 22. Rfe1 Bd4 23. Rb1 Rd7 24. Red1 Rfd8 25. Kf1 Kg7 26. a5 g5 27. a6
Rd6 28. Rb7 R8d7 29. Rxd7 Rxd7 30. Rb1 Bc3 31. Rb7 Rd1+ 32. Ke2 Rd2+ 33. Kf3
Rxc2 34. Rxf7+ Kg6 35. Rxa7 Rc1 36. Bd3+ Kf6 37. Rxh7 Bd4 38. a7 Ra1 39. Rh6+
Ke5 40. Ra6 Rd1 41. a8=Q Rxd3+ 42. Ke2 Rc3 43. Qe8+ Kd5 44. Qe6# 1-0

[Event "Women's Speed Chess Q8"]
[Site "chess.com INT"]
[Date "2021.06.06"]
[Round "6"]
[White "Nguyen, Hong Ngoc"]
[Black "Hng, Mei-En Emmanuelle"]
[Result "1-0"]
[WhiteTitle "WCM"]
[BlackTitle "WFM"]
[WhiteElo "1957"]
[BlackElo "2013"]
[WhiteFideId "12403083"]
[BlackFideId "5804566"]
[EventDate "2021.06.06"]

1. e4 d6 2. d3 Nf6 3. Nd2 g6 4. g3 Bg7 5. Bg2 O-O 6. Ngf3 c5 7. O-O Nc6 8. c3
Bd7 9. Re1 Rc8 10. Nb3 b5 11. e5 dxe5 12. Nxe5 Nxe5 13. Rxe5 Bf5 14. Rxc5 Qxd3
15. Qxd3 Bxd3 16. Be3 Ng4 17. Rxc8 Rxc8 18. Bxa7 b4 19. h3 bxc3 20. bxc3 Ne5 21.
Bd4 Nc4 22. Bxg7 Kxg7 23. a4 Nd6 24. Rc1 Ba6 25. Nd4 Rc4 26. Nc6 e6 27. Nb4 Bb7
28. a5 Bxg2 29. Kxg2 Nb5 30. a6 Rc7 31. c4 Nd4 32. Rd1 Nb3 33. Rd3 Nc5 34. Rd6
Ra7 35. Rc6 Ne4 36. Rb6 Nc3 37. c5 Na4 38. Rb7 Ra8 39. c6 Kf8 40. c7 Nc5 41.
Rb8+ 1-0

[Event "Women's Speed Chess Q8"]
[Site "chess.com INT"]
[Date "2021.06.06"]
[Round "6"]
[White "Ouellet, Maili-Jade"]
[Black "Vantika, Agrawal"]
[Result "0-1"]
[WhiteTitle "WGM"]
[BlackTitle "WIM"]
[WhiteElo "2257"]
[BlackElo "2286"]
[WhiteFideId "2620472"]
[BlackFideId "25050389"]
[EventDate "2021.06.06"]

1. d4 Nf6 2. c4 g6 3. Nc3 Bg7 4. e4 d6 5. f4 O-O 6. Nf3 c5 7. d5 e6 8. Be2 exd5
9. cxd5 Nbd7 10. O-O Re8 11. Nd2 c4 12. Kh1 Nc5 13. e5 dxe5 14. fxe5 Rxe5 15.
Nxc4 Re8 16. Bg5 h6 17. Bh4 g5 18. Bf2 Nce4 19. Nxe4 Nxe4 20. Bd4 Qxd5 21. Bxg7
Qxd1 22. Raxd1 Kxg7 23. Bh5 Be6 24. Na5 b6 25. Nb3 Bc4 26. Rf5 Rad8 27. h3 Ng3+
28. Kh2 Nxf5 0-1

[Event "Women's Speed Chess Q8"]
[Site "chess.com INT"]
[Date "2021.06.06"]
[Round "6"]
[White "Nandhidhaa, P V"]
[Black "Bulmaga, Irina"]
[Result "0-1"]
[WhiteTitle "WGM"]
[BlackTitle "IM"]
[WhiteElo "2365"]
[BlackElo "2440"]
[WhiteFideId "5050847"]
[BlackFideId "13903063"]
[EventDate "2021.06.06"]

1. e4 c5 2. Nf3 a6 3. c4 Nc6 4. Nc3 e5 5. Be2 d6 6. O-O g6 7. d3 Bg7 8. Bg5 f6
9. Be3 Nge7 10. Nd2 O-O 11. f4 f5 12. Nd5 Nd4 13. Bxd4 exd4 14. Nxe7+ Qxe7 15.
Bf3 Rb8 16. Qc2 b5 17. Rae1 Qc7 18. exf5 Bxf5 19. Bd5+ Kh8 20. Be6 Bxe6 21. Rxe6
Qd7 22. Re2 Qg4 23. Ne4 Rxf4 24. Ref2 Rxf2 25. Rxf2 Bh6 26. Nf6 Qe6 27. Nd5 Be3
28. Nxe3 Qxe3 29. Kf1 Re8 30. g3 Kg7 31. Kg2 Rf8 32. Rxf8 Kxf8 33. cxb5 axb5 34.
Qb3 Qe2+ 35. Kg1 c4 36. dxc4 Qxc4 37. Qf3+ Kg7 38. Qb7+ Kh6 39. Qe7 Qc1+ 40. Kg2
Qxb2+ 41. Kh3 Qf2 42. Qxd6 Qf1+ 43. Kg4 Qf5+ 44. Kh4 Qh5# 0-1

[Event "Women's Speed Chess Q8"]
[Site "chess.com INT"]
[Date "2021.06.06"]
[Round "6"]
[White "Fominykh, Maria"]
[Black "Kanyamarala, Trisha"]
[Result "1-0"]
[WhiteTitle "WGM"]
[BlackTitle "WIM"]
[WhiteElo "2206"]
[BlackElo "2180"]
[WhiteFideId "4142411"]
[BlackFideId "45004722"]
[EventDate "2021.06.06"]

1. d4 Nf6 2. c4 e6 3. g3 d5 4. Nf3 a6 5. Qc2 dxc4 6. Qxc4 b5 7. Qd3 Bb7 8. Bg2
c5 9. O-O Nbd7 10. a4 c4 11. Qd1 Be7 12. b3 O-O 13. bxc4 bxc4 14. Qc2 Rc8 15.
Nc3 Nb6 16. e4 Bb4 17. e5 Bxc3 18. Qxc3 Nfd5 19. Qc2 Nb4 20. Qc3 a5 21. Ba3 Nxa4
22. Qc1 Nb6 23. Rd1 c3 24. Ne1 Bxg2 25. Kxg2 c2 26. Rd2 Qd5+ 27. Kg1 Na2 28.
Rxa2 Qxa2 29. Bxf8 Kxf8 30. Rxc2 Rxc2 31. Nxc2 Qc4 32. Qa3+ Ke8 33. Qxa5 Qxc2
34. Qxb6 Qd1+ 35. Kg2 Qd3 36. Qc6+ 1-0

[Event "Women's Speed Chess Q8"]
[Site "chess.com INT"]
[Date "2021.06.06"]
[Round "6"]
[White "Von Herman, Brigitte"]
[Black "Priyanka, K"]
[Result "1-0"]
[WhiteTitle "WFM"]
[BlackTitle "WIM"]
[WhiteElo "1991"]
[BlackElo "2218"]
[WhiteFideId "4628730"]
[BlackFideId "5082986"]
[EventDate "2021.06.06"]

1. e4 c5 2. c3 Nf6 3. e5 Nd5 4. d4 cxd4 5. Nf3 e6 6. cxd4 Nc6 7. Bc4 d6 8. Qe2
Be7 9. O-O O-O 10. Bd2 b6 11. Nc3 Nxc3 12. Bxc3 Bb7 13. Rfe1 Rc8 14. Bd3 dxe5
15. dxe5 Nb4 16. Bb1 Nd5 17. Bd2 Qc7 18. Qe4 g6 19. Qg4 h5 20. Qg3 Kg7 21. Nh4
Rg8 22. Nxg6 h4 23. Qg4 Qc4 24. Be4 fxg6 25. Qxg6+ Kf8 26. Bh6+ Rg7 27. Bxg7+
Kg8 28. Bf6+ Kf8 29. Qg7+ Ke8 30. Bxd5 1-0

[Event "Women's Speed Chess Q8"]
[Site "chess.com INT"]
[Date "2021.06.06"]
[Round "6"]
[White "Dordzhieva, Dinara"]
[Black "Matveeva, Olga"]
[Result "1-0"]
[WhiteTitle "WGM"]
[BlackTitle "WIM"]
[WhiteElo "2311"]
[BlackElo "2145"]
[WhiteFideId "24157570"]
[BlackFideId "24107018"]
[EventDate "2021.06.06"]

1. d4 Nf6 2. c4 e6 3. Nf3 b6 4. g3 Bb4+ 5. Bd2 Be7 6. Bg2 Bb7 7. O-O O-O 8. Bf4
d5 9. cxd5 Nxd5 10. Bd2 c5 11. e4 Nf6 12. e5 Nd5 13. Nc3 Nxc3 14. Bxc3 Nd7 15.
Qd3 Qc7 16. Rac1 Rfd8 17. Qe2 Rac8 18. dxc5 Nxc5 19. Rfd1 Rxd1+ 20. Rxd1 Rd8 21.
Rxd8+ Qxd8 22. h4 Qd3 23. Qxd3 Nxd3 24. Kf1 Bc5 25. Nd4 Bxg2+ 26. Kxg2 Nxe5 27.
Nxe6 Nd3 28. Nxg7 Bxf2 29. Kf3 Be1 30. Bd4 Kf8 31. Nh5 Nc1 32. Nf6 Nxa2 33.
Nxh7+ Ke7 34. Be3 Nb4 35. h5 Nd5 36. Bg5+ f6 37. Bf4 Nxf4 38. Kxf4 Bd2+ 39. Kf5
a5 40. Nxf6 b5 41. Nd5+ Kf7 42. Nb6 b4 43. b3 Kg7 44. Nc4 Be1 45. g4 a4 46. bxa4
b3 47. g5 Bc3 48. a5 b2 49. Nxb2 Bxb2 50. a6 Bd4 51. h6+ Kh7 52. Ke6 Kg6 53. Kd5
Be3 54. Kc6 1-0

[Event "Women's Speed Chess Q8"]
[Site "chess.com INT"]
[Date "2021.06.06"]
[Round "6"]
[White "Belenkaya, Dina"]
[Black "Obregon Garcia, Roxangel"]
[Result "1-0"]
[WhiteTitle "WGM"]
[BlackTitle "WIM"]
[WhiteElo "2341"]
[BlackElo "2167"]
[WhiteFideId "24142654"]
[BlackFideId "3520420"]
[EventDate "2021.06.06"]

1. e4 d5 2. exd5 Qxd5 3. Nf3 Nf6 4. Be2 Bf5 5. O-O e6 6. d4 c6 7. c4 Qd8 8. Nc3
Be7 9. h3 O-O 10. Bf4 Nbd7 11. Qd2 h6 12. Rfd1 Rc8 13. a3 Nb6 14. b4 Ne4 15.
Nxe4 Bxe4 16. Qe3 Bf5 17. Ne5 Bf6 18. a4 Qe7 19. a5 Nd7 20. Qb3 Rfd8 21. Bf3 Bg5
22. Bg3 Nf6 23. a6 Ne4 24. axb7 Qxb7 25. h4 Be7 26. Ra4 f6 27. Bxe4 Bxe4 28. Ng4
c5 29. f3 Bc6 30. b5 cxd4 31. Qa2 Be8 32. Rxa7 Ra8 33. Rxb7 Rxa2 34. Rxe7 d3 35.
Nf2 d2 36. Rxe6 Bg6 37. Rd6 Rxd6 38. Bxd6 Rb2 39. Bf4 1-0

[Event "Women's Speed Chess Q8"]
[Site "chess.com INT"]
[Date "2021.06.06"]
[Round "6"]
[White "Dauletova, Gulmira"]
[Black "Eswaran, Aksithi"]
[Result "1-0"]
[WhiteTitle "WGM"]
[BlackTitle "WCM"]
[WhiteElo "2257"]
[BlackElo "1745"]
[WhiteFideId "13702971"]
[BlackFideId "2083485"]
[EventDate "2021.06.06"]

1. e4 c5 2. Nf3 Nc6 3. d4 cxd4 4. Nxd4 Nf6 5. Nc3 e5 6. Ndb5 d6 7. Bg5 a6 8. Na3
Be6 9. Nc4 Rc8 10. a4 Be7 11. Bxf6 gxf6 12. Ne3 Nd4 13. Bd3 Qd7 14. Ncd5 Qc6 15.
c3 f5 16. cxd4 f4 17. Nxe7 Kxe7 18. d5 Qc5 19. Nc2 Bd7 20. O-O Rhg8 21. Ne1 Bg4
22. Be2 Bd7 23. Nd3 Qb6 24. Bf3 Rg7 25. Qe2 Rcg8 26. Kh1 Bg4 27. Bxg4 Rxg4 28.
Rg1 Qd4 29. f3 R4g6 30. Nf2 Qb4 31. Rac1 Qb6 32. Nd3 Kf8 33. Rc8+ Ke7 34. Rxg8
Rxg8 35. Rc1 Qd8 36. Qc2 Kf6 37. Qc7 Qf8 38. Qxb7 Qg7 39. Rc2 Qg5 40. Qb6 Kg7
41. Qxd6 f6 42. Qe7+ Kg6 43. d6 Qh4 44. d7 1-0

[Event "Women's Speed Chess Q8"]
[Site "chess.com INT"]
[Date "2021.06.06"]
[Round "6"]
[White "Batsiashvili, Nino"]
[Black "Tokhirjonova, Gulrukhbegim"]
[Result "0-1"]
[WhiteTitle "GM"]
[BlackTitle "WGM"]
[WhiteElo "2491"]
[BlackElo "2344"]
[WhiteFideId "13602993"]
[BlackFideId "14203626"]
[EventDate "2021.06.06"]

1. c4 Nf6 2. d4 e6 3. Nc3 Bb4 4. e3 O-O 5. Bd2 d5 6. Nf3 b6 7. cxd5 exd5 8. Bd3
a6 9. O-O Bd6 10. Ne5 Bb7 11. Qc2 c5 12. f4 Nc6 13. Ne2 Rc8 14. Qb1 Re8 15. Be1
cxd4 16. exd4 Ne4 17. Rf3 f6 18. Nxc6 Rxc6 19. Nc3 Rc8 20. Qd1 b5 21. a3 Qb6 22.
Bc2 a5 23. Bb3 Nxc3 24. bxc3 Re4 25. Bg3 b4 26. axb4 axb4 27. Bc2 Re7 28. Rb1
Ba6 29. Rf2 Rxc3 30. Bb3 Bc4 31. Rd2 Ree3 32. Bc2 b3 33. Bf5 g6 34. Bd7 Qc7 35.
Ba4 Bxf4 36. Bxf4 Qxf4 37. Rf2 Qg5 38. Qd2 Rcd3 39. Qa5 Rxd4 40. Qd8+ Kg7 41.
Qc7+ Kh6 42. Qf7 Rf4 43. Rfb2 Re2 0-1

[Event "Women's Speed Chess Q8"]
[Site "chess.com INT"]
[Date "2021.06.06"]
[Round "6"]
[White "Nemcova, Katerina"]
[Black "Bodnaruk, Anastasia"]
[Result "0-1"]
[WhiteTitle "WGM"]
[BlackTitle "IM"]
[WhiteElo "2331"]
[BlackElo "2446"]
[WhiteFideId "322750"]
[BlackFideId "4181751"]
[EventDate "2021.06.06"]

1. e4 c5 2. Nf3 d6 3. d4 cxd4 4. Qxd4 Nf6 5. Bb5+ Bd7 6. c4 Nc6 7. Qd3 g6 8. Nc3
Bg7 9. O-O O-O 10. h3 Ne8 11. Be3 Nc7 12. Bxc6 Bxc6 13. Rac1 Ne6 14. b4 b6 15.
Nd4 Bb7 16. Rfd1 Nc7 17. a4 Qd7 18. Ndb5 Ne6 19. Nd5 f5 20. f4 fxe4 21. Qxe4 Kh8
22. Re1 Rf7 23. Nd4 Nf8 24. Qd3 e6 25. Nc3 e5 26. Ndb5 exf4 27. Bf2 Rd8 28. Ne4
Qf5 29. Rcd1 d5 30. Ned6 Qd7 31. Nxf7+ Qxf7 32. c5 bxc5 33. bxc5 Bc6 34. Nd6 Qd7
35. Bd4 Ne6 36. Bxg7+ Nxg7 37. Qd4 Rf8 38. Re2 Qd8 39. Rde1 Qf6 40. Re8 Qxd4+
41. Kh1 Rxe8 42. Nxe8 Nxe8 0-1

[Event "Women's Speed Chess Q8"]
[Site "chess.com INT"]
[Date "2021.06.06"]
[Round "6"]
[White "Vo, Thi Kim Phung"]
[Black "Kulkarni, Bhakti"]
[Result "0-1"]
[WhiteTitle "WGM"]
[BlackTitle "IM"]
[WhiteElo "2335"]
[BlackElo "2391"]
[WhiteFideId "12401838"]
[BlackFideId "5019516"]
[EventDate "2021.06.06"]

1. d4 d6 2. Nf3 Nf6 3. c4 g6 4. Nc3 Bg7 5. e4 O-O 6. Be2 e5 7. O-O Nc6 8. d5 Ne7
9. Ne1 Nd7 10. Be3 f5 11. f3 Nf6 12. Nd3 f4 13. Bf2 g5 14. c5 Ng6 15. Rc1 Rf7
16. Nb5 Bf8 17. cxd6 cxd6 18. Nxa7 Bd7 19. Qb3 g4 20. Nb5 gxf3 21. Bxf3 Ng4 22.
Nc7 Nxf2 23. Nxf2 Rb8 24. Ne6 Qh4 25. Bg4 h5 26. Bf5 Qf6 27. Qh3 Nh4 28. Nxf8
Bxf5 29. exf5 Rbxf8 30. Ne4 Qd8 31. f6 Ng6 32. Qxh5 Rxf6 33. Nxf6+ Rxf6 34. Kh1
e4 35. Qg4 Qe7 36. Rc8+ Kg7 37. Rfc1 Rf7 38. h3 e3 39. Re1 Qe5 40. Rd8 Qxd5 41.
Re8 Qd2 42. Re2 Qd1+ 43. Kh2 Qf1 44. Re6 Rf6 45. Re7+ Rf7 46. Rxf7+ Kxf7 47.
Qf5+ Kg7 48. Rc2 e2 49. Qe6 e1=Q 50. Rc7+ Kh6 51. Qxe1 Qxe1 0-1

[Event "Women's Speed Chess Q8"]
[Site "chess.com INT"]
[Date "2021.06.06"]
[Round "6"]
[White "Varshini, V"]
[Black "Antonova, Nadezhda"]
[Result "1-0"]
[WhiteTitle "WGM"]
[BlackTitle "WFM"]
[WhiteElo "2226"]
[BlackElo "1877"]
[WhiteFideId "5091241"]
[BlackFideId "14700182"]
[EventDate "2021.06.06"]

1. e4 c5 2. Nc3 Nc6 3. g3 g6 4. Bg2 Bg7 5. d3 e6 6. Be3 d6 7. Qd2 Nd4 8. Nd1 Ne7
9. c3 Ndc6 10. Bh6 O-O 11. h4 Re8 12. Bxg7 Kxg7 13. h5 Ng8 14. Ne2 e5 15. Ne3
Be6 16. f4 Nce7 17. d4 cxd4 18. cxd4 exd4 19. Qxd4+ Kf8 20. hxg6 hxg6 21. Rh7
Nc6 22. Qg7+ Ke7 23. f5 Qa5+ 24. Kf1 gxf5 25. exf5 Bc4 26. Qg5+ Nf6 27. Nxc4 Qc5
28. Ne3 Rh8 29. Rxh8 Rxh8 30. Nd5+ Kf8 31. Qxf6 Rg8 32. Nef4 Qc4+ 33. Kg1 Rxg3
34. Qxd6+ Kg8 35. Nf6+ Kg7 36. N4h5+ Kh8 37. Qxg3 Qd4+ 38. Kh2 1-0

[Event "Women's Speed Chess Q8"]
[Site "chess.com INT"]
[Date "2021.06.06"]
[Round "6"]
[White "Doluhanova, Evgeniya"]
[Black "Tsatsalashvili, Keti"]
[Result "1/2-1/2"]
[WhiteTitle "WGM"]
[BlackTitle "WGM"]
[WhiteElo "2192"]
[BlackElo "2331"]
[WhiteFideId "14112035"]
[BlackFideId "13603434"]
[EventDate "2021.06.06"]

1. Nf3 d5 2. b3 Nf6 3. Bb2 g6 4. c4 c6 5. cxd5 cxd5 6. d3 Bg7 7. Nbd2 O-O 8. g3
Nc6 9. Bg2 Bg4 10. O-O Qd7 11. Ne5 Nxe5 12. Bxe5 Bh3 13. Rc1 Bxg2 14. Kxg2 Rac8
15. Nf3 a6 16. Qd2 Rxc1 17. Rxc1 Rc8 18. Rxc8+ Qxc8 19. Qc3 Qxc3 20. Bxc3 Nd7
21. Bxg7 Kxg7 22. d4 f6 23. Kf1 Kf7 24. Ke1 Ke6 25. Kd2 Kd6 26. Kc3 Nf8 27. Ne1
e5 28. e3 Ne6 29. h4 e4 30. Kd2 f5 31. Nc2 h6 32. Ke2 g5 33. hxg5 hxg5 34. f3
exf3+ 35. Kxf3 g4+ 36. Kg2 Ng5 37. Nb4 Ne4 38. Nd3 b6 39. a4 Nd2 40. b4 Ne4 41.
a5 bxa5 42. bxa5 Nd2 43. Nb4 Nc4 44. Kf2 Nxa5 45. Nxa6 Nb3 46. Nb4 Nd2 47. Nd3
Ne4+ 48. Kg2 Nc3 49. Kf2 Ne4+ 50. Kg2 Nc3 51. Kf2 Ne4+ 1/2-1/2

[Event "Women's Speed Chess Q8"]
[Site "chess.com INT"]
[Date "2021.06.06"]
[Round "6"]
[White "Ambartsumova, Karina"]
[Black "Sliwicka, Alicja"]
[Result "1-0"]
[WhiteTitle "IM"]
[BlackTitle "WIM"]
[WhiteElo "2382"]
[BlackElo "2308"]
[WhiteFideId "4166299"]
[BlackFideId "1150677"]
[EventDate "2021.06.06"]

1. c4 c5 2. Nf3 Nc6 3. d4 cxd4 4. Nxd4 g6 5. e4 Bg7 6. Nc2 d6 7. Be2 Nf6 8. Nc3
O-O 9. O-O Be6 10. Be3 a5 11. f3 a4 12. Na3 Qa5 13. Qd2 Nd7 14. Rac1 Nde5 15. h3
Qb4 16. f4 Nxc4 17. Nxc4 Bxc4 18. a3 Qb3 19. Bd1 Bxc3 20. Rxc3 Qb5 21. Re1 Na5
22. f5 Nb3 23. Qf2 Rac8 24. f6 exf6 25. Qxf6 Qe5 26. Qf2 f5 27. Bf4 Qf6 28. e5
dxe5 29. Bxe5 Qf7 30. Qh4 Rfe8 31. Rce3 Bd5 32. Bc3 Be4 33. Qh6 Nc5 34. Bf3 Rc7
35. Be2 Rd8 36. Bb5 Qd5 37. R3e2 Qe6 38. Rd2 Rxd2 39. Qxd2 Qd5 40. Qf4 Rf7 41.
Qb8+ Rf8 42. Qc7 Qf7 43. Qxc5 Rd8 44. Bc4 Bd5 45. Bxd5 Qxd5 46. Qxd5+ Rxd5 47.
Re2 Kf7 48. Kf2 g5 49. Rd2 Re5 50. Bxe5 1-0